| 000 | 00342 a2200145 4500 | ||
|---|---|---|---|
| 001 | 149675 | ||
| 040 | _cEscola São Tomás de Aquino | ||
| 100 | _aVIANA, Vivina de Assis | ||
| 240 | 1 | 0 |
_aAqui em Nova York... _lpor |
| 245 | 1 | 0 | _aAqui em Nova York... |
| 300 | _a45 | ||
| 362 | 0 | _a2008 | |
| 697 | _a*LITERATURA INFANTO JUVENIL | ||
| 942 | _cBK | ||
| 999 |
_c149675 _d149675 |
||